000 01077nam a2200253 4500
001 6121
010 _a9789892343358
021 _b445077/18
090 _a6121
100 _a20260122d2018 u||y0pory50 ba
200 _aO Baloiço Azul
_fRosário Alçada Araújo
_gPatrícia Furtado
210 _aAlfragide
_cGailivro
_d2018
215 _a44[1] p.
225 _aVira a Página
330 _aQuando o senhor Asdrúbal e a Luísa conhecem o papagaio Guardador de Palavras, uma missão especial ganha asas: ajudar a levar as palavras certas a quem mais precisa de as ouvir. Esta aventura mágica, que começa com um simples baloiço azul, leva-nos até às estrelas e mostra-nos o poder transformador das palavras. Uma história cheia de imaginação, ternura e esperança.
606 _914
_aLiteratura infantil
606 _915
_aLiteratura Portuguesa
675 _a82-93
_vBN
_zpor
675 _a821.134.3
_vBN
_zpor
700 _9164
_aAraújo
_bRosário Alçada
702 _92341
_aFurtado
_bPatrícia
801 _aPT
_bBMVN
_gRPC
830 _cAna Caetano
_d22/01/2026
990 _cLIVROS